00661nam a2200181 a 450000100100000000500170001000800410002702000150006804000250008310000250010824501300013326000270026330000210029049000430031150000210035471000650037583000390044000004184520201002035804.0131018s2002 sp 000 0 spa d a8400080300 aDO-SdBNPbspacBNPHU1 aSastre Prats, Inés10aOnomástica y Relaciones Políticas en la epigrafía del Conventus Asturum durante el alto imperio /cInés Sastre Prats. aMadrid :bCSIC,c2002. a189 p. ;c29 cm.1 aAnejos de archivo de arqueologíav25 aIncluye índice2 aConsejo Superior de Investigaciones Científicas (España) 0aAnejos de archivo de arqueología